Gaming Quiz

Random Gaming or Mario Quiz

Parts of a Goomba Quiz Stats

 Plays Quiz Updated Apr 25, 2012

Challenge
Share
Tweet
Embed
Score 0/7 Timer 03:00
0 Plays Today
Part % Correct
Eyes
93.6%
Feet
93.6%
Head
89.7%
Mouth
83.5%
Teeth
67.8%
Body
65.2%
Eyebrows
62.1%

You're not logged in!

Compare scores with friends on all Sporcle quizzes.
OR
Log In

You Might Also Like...

Show Comments

Extras

Top Quizzes Today


Score Distribution

Your Account Isn't Verified!

In order to create a playlist on Sporcle, you need to verify the email address you used during registration. Go to your Sporcle Settings to finish the process.

Report this User

Report this user for behavior that violates our Community Guidelines.

Details: